000 00730nam a2200229 i 4500
001 bg
100 1 _aDĄBROWSKI, Aleksander
245 1 0 _aPodstawy techniki w przemyśle spożywczym :
_bpodręcznik dla technikum /
_cAleksander Dąbrowski.
260 _aWarszawa :
_bWydawnictwa Szkolne i Pedagogiczne,
_c1999.
300 _a226, [1] s. :
_brys., wykr. ;
_c24 cm.
504 _aBibliogr. s. 226-[227].
650 9 _aPrzemysł rolno-spożywczy
_xurządzenia
650 9 _aŻywność
_xtechnologia
655 _aPodręczniki dla szkół zawodowych
020 _a8302071412
040 _cBPK
041 0 _apl
080 _a664(075.3)
920 _a83-02-07141-2
942 _cKS
008 s pl f |000 0 pol
999 _c38560
_d38560
856 _uhttp://koha.tu.koszalin.pl/cgi-bin/koha/opac-detail.pl?biblionumber=38560
_yKatalog online BPK